000 00504nam a2200169Ia 4500
008 151213s9999 xx 000 0 und d
020 _a984-32-2836-7
100 _a`Fatema Chowdhury Munibur Rahman Chowdhury
245 _aEssentials of Number Theory
_c`Fatema Chowdhury Munibur Rahman Chowdhury
250 _a1st
260 _aDhaka
_b® PI Publicatioin
_c2005
300 _a8893 p.
650 _aManagement
650 _aMath
700 _a`Fatema Chowdhury Munibur Rahman Chowdhury
999 _c4669
_d4669